| 000 | 00666nam a2200229 4500 | ||
|---|---|---|---|
| 001 | 6129 | ||
| 010 | _a9789898491886 | ||
| 021 | _b401828/15 | ||
| 090 | _a6129 | ||
| 100 | _a20170530d2017 d y0pory50030103ba | ||
| 200 | 1 |
_aO meu pe de laranja lima _fJose Mauro de Vasconcelos |
|
| 205 | _a17ª ed | ||
| 210 | 9 |
_aAmadora _cFábula _d2019 |
|
| 215 |
_a207, [11] p. _cil. _d20 cm |
||
| 225 | 2 |
_aObras de Jose Mauro de Vasconcelos _v1 |
|
| 675 |
_a087.5 _vBN _zpor |
||
| 675 |
_a821.134.3(81)-93 _vPT _zpor |
||
| 675 |
_a821.134.3(81)-31 _vPT _zpor |
||
| 700 | 1 |
_aVasconcelos, _bJosé Mauro de, _f1920-1984 |
|
| 801 | 0 |
_aPT _bBMVN _gRPC |
|
| 830 |
_cSilvia Neutel _d25/02/2026 |
||
| 990 | _cLIVROS | ||